000 01058cab a22001935a 4500
001 L155270
008 120314e2012 xxk 000 0 eng d
035 _a(Sirsi) u155270
041 0 _aeng
110 2 _aProperty Week
_91549
245 0 0 _aLondon in prime position to power up rest of UK
260 _c2012
490 0 _aProperty Week
_v78(10) 9 March 2012, 41(1)
520 _aCushman & Wakefield's latest UK investment market briefing shows prime property yields unchanged in February 2012, averaging 5.75%, which is roughly in line with the 10-year average of 5.72%. Overall prime yields are still 133 basis points higher than pre-credit crunch but the scale of recovery varies significantly around the market with core sectors well ahead of the second tier and London ahead of the rest of the UK. Tables cover prime property comparative yields across all sectors from 2007- February 2012, and prime property yields by decades from 1950s to date.
590 _aKA
651 4 _aUnited Kingdom
690 _aCommercial property
_96227
942 _n0
999 _c83844
_d83844